000 00574nam a2200205Ia 4500
003 OSt
005 20220926031831.0
006 a|||||r|||| 00| 0
007 ta
008 220923b |||||||| |||| 00| 0 eng d
037 _cGeneral Book
040 _aRTL
_cRTL
_beng
041 _2eng
_aeng
082 _aL:573.2.N41, H1
245 0 _aNutritive value of India foods and the planning of satisfactory diets.
260 _aSimla
_bGovt. of India
_c1941
300 _a53p.
_ccm.
942 _hL:573.2.N41, H1
_cGB
_2CC
999 _c653303
_d653303